Washington State Quiz Made By a Washingtonian - Statistics

General Stats
  • This quiz has been taken 29 times
    27 since last reset
  • The average score is 17 of 22
Answer Stats
Hint Answer % Correct
Plane industry Boeing
100%
Southern river Columbia river
100%
State to the right of Washington Idaho
100%
Baseball Team Mariners
100%
Bill Gates Microsoft
100%
Capital Olympia
100%
Underneath Washington Oregon
100%
Largest city Seattle
100%
Canadian Province above Washington British Columbia
95%
Most populated County King
95%
Football Team Seahawks
95%
Coffee Starbucks
95%
Famous mountain Mount Rainier
89%
Hockey team Kraken
84%
Most harvested fruit Apples
79%
Mountains Cascades
79%
Old basketball Team Sonics
68%
Canadian piece of land we own Point Roberts
58%
Store for everything with good deals Costco
53%
Batman Adam West
26%
Why Washington has homeless people Jeff Bezos
11%
Most common car F-150
5%
No matching quizzes found
Score Distribution
Percent of People with Each Score
Percentile by Number Answered
Your Score History
You have not taken this quiz since the last reset